Модификация наночастиц серебра для биоаналитического применения; Химия и химическая технология в XXI веке

Bibliografske podrobnosti
Parent link:Химия и химическая технология в XXI веке.— 2018.— [С. 301-302]
Glavni avtor: Христунова Е. Екатерина
Korporativna značnica: Национальный исследовательский Томский политехнический университет Инженерная школа природных ресурсов Отделение химической инженерии
Drugi avtorji: Галдецкая К. А. (научный руководитель), Дорожко Е. В. Елена Владимировна, Короткова Е. И. Елена Ивановна
Izvleček:Заглавие с экрана
Jezik:ruščina
Izdano: 2018
Serija:Теоретические и прикладные аспекты физической и аналитической химии
Teme:
Online dostop:http://earchive.tpu.ru/handle/11683/49764
Format: MixedMaterials Elektronski Book Chapter
KOHA link:https://koha.lib.tpu.ru/cgi-bin/koha/opac-detail.pl?biblionumber=626920

MARC

LEADER 00000naa2a2200000 4500
001 626920
005 20240201093253.0
035 |a (RuTPU)RU\TPU\conf\26593 
035 |a RU\TPU\conf\26573 
090 |a 626920 
100 |a 20180808d2018 k y0rusy50 ca 
101 0 |a rus 
102 |a RU 
105 |a y z 101zy 
135 |a drgn ---uucaa 
181 0 |a i  
182 0 |a b 
200 1 |a Модификация наночастиц серебра для биоаналитического применения  |f Е. Христунова, К. А. Галдецкая, Е. В. Дорожко  |g науч. рук. Е. И. Короткова 
203 |a Текст  |c электронный 
225 1 |a Теоретические и прикладные аспекты физической и аналитической химии 
300 |a Заглавие с экрана 
320 |a [Библиогр.: с. 302 (4 назв.)] 
463 0 |0 (RuTPU)RU\TPU\conf\26227  |t Химия и химическая технология в XXI веке  |o материалы XIX Международной научно-практической конференции студентов и молодых ученых имени профессора Л. П. Кулёва, 21-24 мая 2018 г., г. Томск  |f Национальный исследовательский Томский политехнический университет  |v [С. 301-302]  |d 2018 
610 1 |a электронный ресурс 
610 1 |a труды учёных ТПУ 
610 1 |a модификация 
610 1 |a наночастицы 
610 1 |a серебро 
610 1 |a металлические наночастицы 
610 1 |a антитела 
610 1 |a клещевой энцефалит 
610 1 |a биоконъюгаты 
700 1 |a Христунова  |b Е.  |c химик  |c инженер Томского политехнического университета  |f 1992-  |g Екатерина  |3 (RuTPU)RU\TPU\pers\39740 
701 1 |a Галдецкая  |b К. А. 
701 1 |a Дорожко  |b Е. В.  |c химик  |c инженер Томского политехнического университета  |f 1979-  |g Елена Владимировна  |3 (RuTPU)RU\TPU\pers\27108  |9 12658 
702 1 |a Короткова  |b Е. И.  |c химик  |c профессор Томского политехнического университета, доктор химических наук  |f 1965-  |g Елена Ивановна  |4 727 
712 0 2 |a Национальный исследовательский Томский политехнический университет  |b Инженерная школа природных ресурсов  |b Отделение химической инженерии  |3 (RuTPU)RU\TPU\col\23513 
801 2 |a RU  |b 63413507  |c 20180821  |g RCR 
856 4 |u http://earchive.tpu.ru/handle/11683/49764 
942 |c BK